Score 0/38 Timer 04:00
0 Plays Today
Clue 4-Letter Word % Correct
Birthday baked goodCAKE
98.6%
Enjoy a Facebook postingLIKE
96.1%
Crater ___ National Park in OregonLAKE
95.7%
Halloween facial coveringMASK
95.5%
Opposite of moreLESS
95.3%
Myers or Tyson, e.g.MIKE
94.5%
Remove the skin from fruitPEEL
92.9%
Let an e-mail go outSEND
92.9%
A female horseMARE
92.8%
Vegetables in a podPEAS
92.7%
Meat from cattleBEEF
91.8%
A grade or a stray line on paperMARK
91%
Harry Potter's weaponWAND
90.9%
Chardonnay or merlot, e.g.WINE
90.6%
A dirty disasterMESS
88.8%
Great ___ Dunes National Park in ColoradoSAND
88.8%
Part of musical rhythmBEAT
88.6%
A bell chiming soundPEAL
87.2%
A swamp or confounding situationMIRE
86.9%
Clue 4-Letter Word % Correct
Earth orbiterMOON
86.6%
A holder of a section of old movie filmREEL
85.5%
Big ___ National Park in TexasBEND
85.3%
Component of borschtBEET
85.1%
Actresses Delaria and MicheleLEAS
84.9%
___ Cave National Park in South DakotaWIND
84.6%
Part of a necklaceBEAD
84.5%
Bird or a crazy personLOON
83.7%
Animal with a maneLION
82.4%
Had clothes onWORE
82.3%
Thin metal filamentWIRE
82.2%
Capitol ___ National Park in UtahREEF
81%
Mammoth ___ National Park in KentuckyCAVE
74.4%
___ Verde National Park in ColoradoMESA
74.2%
A plant, like St. John'sWORT
71.7%
A Spanish corn flour doughMASA
71%
Pointless as a pointMOOT
70.4%
Sahl or Walker, e.g.MORT
65.9%
National Park in UtahZION
60.6%

Today's Daily Dose

Missing Word
I Hardly Know Her!

Word Ladder
Sentence Ending

Quick Pick
Female Firsts

Get the Picture
Triathlon Sports

Remove Ads.
Support Sporcle.
Get the best of Sporcle when you Go Orange. This ad-free experience offers more features, more stats, and more fun while also helping to support Sporcle. Thank you for becoming a member.

You're not logged in!

Compare scores with friends on all Sporcle quizzes.
OR
Log In

Show Comments

Extras

Top Quizzes Today


Score Distribution

Your Account Isn't Verified!

In order to create a playlist on Sporcle, you need to verify the email address you used during registration. Go to your Sporcle Settings to finish the process.

Report this User

Report this user for behavior that violates our Community Guidelines.

Details: